000 00562nam a2200181Ia 4500
003 GCL
008 140319s9999 xx 000 0 ara d
040 _aGCL /
_cGCL
082 0 4 _a813.03
_bى ل
100 1 _aيوسف عزالدين
245 1 0 _aلا تلوموا الخريف :
_bرواية /
_cيوسف عزالدين
260 _aالقاهرة :
_bدار الشروق ،
_c1989
300 _a285 ص ؛
_c24 سم
490 _a
650 0 4 _aالقصص العربية
650 0 4 _aالادب العربى - العصر الحديث
942 _2ddc
_cBK
999 _c39665
_d39665